Les moralistes sous l'empire Romain. Philosophes et poètes (Registro nro. 37297)

Detalles MARC
000 -ENCABEZADO
Número de control [NR] 01956nam a2200289Ia 4500
008 - DE LONGITUD FIJA DE DATOS DE ELEMENTOS - INFORMACIÓN GENERAL
Elementos de longitud fija [NR] 130821s1886 fr gr fre
040 ## - FUENTE DE CATALOGACION [NR]
Agencia de catalogación original [NR] Co-BoUCM
Idioma de catalogación [NR] spa
041 0# - CODIGO DE IDIOMA [R]
Código de idioma para texto/pista de sonido o título separado [R] Francés
092 ## - SIGNATURA TOPOGRAFICA LOCAL
Número de clasificación local E20N023
100 1# - ASIENTO PRINCIPAL--NOMBRE PERSONAL [NR]
Nombre personal [NR] Constant, Martha
242 00 - TRADUCCION DEL TITULO POR LA AGENCIA CATALOGADORA [R]
Título [NR] Traducción del Título: Los filósofos y poetas moralistas del Imperio Romano
Mención de responsabilidad, etc. [NR] por Marta Constant
Código de idioma del título traducido [NR] spa
245 10 - MENCION DE TITULO [NR]
Título [NR] Les moralistes sous l'empire Romain. Philosophes et poètes
Mención de responsabilidad, etc. [NR] par Constant Martha
246 13 - FORMA VARIANTE DEL TITULO [R]
Título propiamente dicho/forma breve del título [NR] Traducción del Título: Los filósofos y poetas moralistas del Imperio Romano
-- por Marta Constant
260 ## - PUBLICACION, DISTRIBUCION, ETC. (PIE DE IMPRENTA) [R]
Lugar de publicación, distribución, etc. [R] París (Francia)
Nombre del editor, distribuidor, etc. [R] Librairie Hachette et Cie
Fecha de publicación, distribución, etc. [R] 1886
300 ## - DESCRIPCION FISICA [R]
Extensión [R] viii, 384 páginas
500 ## - NOTA GENERAL [R]
Nota general [NR] Detalles físicos: Encuadernación rígida en cartón duro forrado en tela texturizada. Lomo con tejuelo de piel color verde, letras y líneas decorativas en dorado. Guardas. Anteportada. Portada sencilla, impresa a una sola tinta. Texto impreso en una sola columna. Algunas notas de pie de página. Cortes decorados de color azul. Papel con algunas manchas. La anteportada empieza a desprenderse. Ejemplar en buen estado de conservación. En la portada un sello de tinta que dice: "El Colegio de Nuestra Señora del Rosario". En la guarda posterior un pequeño sello en inglés que dice: "Encuadernado por Mudie".
500 ## - NOTA GENERAL [R]
Nota general [NR] Incluye índice.
505 0# - NOTA DE CONTENIDO CON FORMATO PREESTABLECIDO [R]
Nota de contenido con formato preestablecido [NR] Prólogos. ; La moral práctica en las Cartas de Séneca. ; Un poeta estoico: Aulo Persio Flaco. ; La virtud estoica: Epicteto. ; Examen de conciencia de un Emperador romano: Marco Aurelio. ; La enseñanza moral popular: Dion Crisóstomo. ; La sociedad romana: Juvenal. ; El escepticismo religioso y filosófico: Luciano.
506 ## - NOTA DE RESTRICCIONES DE ACCESO [R]
Condiciones de acceso [NR] Consulta en sala.
546 ## - NOTA DE IDIOMA [R]
Nota de idioma [NR] Texto en francés y latín.
650 04 - ASIENTO SECUNDARIO DE MATERIA - TERMINO TEMATICO [R]
Término temático o nombre geográfico como elemento de entrada [NR] Ética
650 04 - ASIENTO SECUNDARIO DE MATERIA - TERMINO TEMATICO [R]
Término temático o nombre geográfico como elemento de entrada [NR] Filosofía
9 (RLIN) 75
650 04 - ASIENTO SECUNDARIO DE MATERIA - TERMINO TEMATICO [R]
Término temático o nombre geográfico como elemento de entrada [NR] Filosofía
Subdivisión general [R] Historia
Subdivisión geográfica [R] Roma
9 (RLIN) 75
651 04 - ASIENTO SECUNDARIO DE MATERIA - NOMBRE GEOGRAFICO [R]
Nombre geográfico [NR] Roma (Italia)
Subdivisión general [R] Filósofos
942 ## - ELEMENTOS DE ENTRADA AGREGADOS (KOHA)
Tipo de ítem principal el descrito en 300a Libro
Tema principal Filosofía
Edición 1
Sistema de clasificación DEWEY
Clasificación 171
Existencias
Total préstamos Código de barras Última vez visto Volúmen / Fascículo Ejemplar Price effective from Tipo de ítem Perdido Sistema de clasificación Dañado No prestable Tipo de ítem específico Suprimido Ubicación habitual Ubicación actual Localización Fecha de creación Forma de adquisición Costo
  L002982 15/12/2012 E20N023 Ej.1 03/02/2013 Libro   DEWEY     Libro archivo     Archivo Histórico Archivo histórico 28/02/2014 Donación 0.00